जबरीचा विवाह (Record no. 133203)

MARC details
000 -LEADER
fixed length control field 00524nam a2200169Ia 4500
008 - FIXED-LENGTH DATA ELEMENTS--GENERAL INFORMATION
fixed length control field 090124s9999 xx 000 0 und d
082 ## - DEWEY DECIMAL CLASSIFICATION NUMBER
Item number 19263
Classification number 33
100 ## - MAIN ENTRY--PERSONAL NAME
Personal name आपटे हरि नारायण
245 ## - TITLE STATEMENT
Title जबरीचा विवाह
250 ## - EDITION STATEMENT
Edition statement 0
300 ## - PHYSICAL DESCRIPTION
Extent 32
600 ## - SUBJECT ADDED ENTRY--PERSONAL NAME
Personal name आपटे हरि नारायण
630 ## - SUBJECT ADDED ENTRY--UNIFORM TITLE
Uniform title जबरीचा विवाह
700 ## - ADDED ENTRY--PERSONAL NAME
Personal name आपटे हरि नारायण
730 ## - ADDED ENTRY--UNIFORM TITLE
Uniform title जबरीचा विवाह
942 ## - ADDED ENTRY ELEMENTS (KOHA)
Koha item type Book
Holdings
Withdrawn status Lost status Damaged status Not for loan Home library Current library Date acquired Cost, normal purchase price Total Checkouts Full call number Barcode Date last seen Cost, replacement price Price effective from Koha item type
        Marathi Granth Sangrahalaya,Thane Marathi Granth Sangrahalaya,Thane   0.31   19263 THNMGS-19263 01/24/2009 0.31 01/24/2009 Book